000 00810nam a22001937a 4500
005 20250916113044.0
010 _aB-775270-284 20BACCHEN25
020 _a9789354718847
_c299.00
035 _aB-775270-284
037 _bScholastic India Pvt. Ltd.
082 _aS
100 _aTraini, Agostino
_985085
245 _aMr. Tree's Life /
_cby Agostino Traini
260 _bScholastic India Pvt. Ltd.
_c2024
_aGurgaon
270 _aA-27, Ground Floor, Sigma Centre Infocity-1, Sector 34,
_bGurgaon
_e122001
300 _a42p.:
_c23cm(Pbk)
_billus.
942 _2ddc
_cCH
_hS
_mTRA
999 _c209755
_d209755